00401nam a22001337a 4500003000400000005001700004008004100021040002700062100001400089245011200103250000800215260003600223300000800259OSt20240405161157.0240405b |||||||| |||| 00| 0 eng d cCentral Library MRSPTU aF. Engels aF. Engels Marks De Sarmya Barre (ਏਂਗਲਜ਼ ਮਾਰਕਸ ਦੇ ਸਰਮਾਇਆ ਬਾਰੇ) a1st aMaskobPragati Parkashan Meerut a150